[Event "2.BLN 1617 Rotation Pankow - SK Norders"]
[Site "?"]
[Date "2016.12.04"]
[Round "3.1"]
[White "Trent, Lawrence"]
[Black "Rietze, Clemens"]
[Result "1-0"]
[WhiteElo "2450"]
[BlackElo "2334"]
[PlyCount "129"]
[EventDate "2016.??.??"]

1. e4 c5 2. Nc3 Nc6 3. Nf3 e6 4. d4 cxd4 5. Nxd4 Qc7 6. Be3 a6 7. Qf3 Nf6 8.
O-O-O Be7 9. Be2 O-O 10. g4 b5 11. g5 Ne8 12. Rhg1 Bb7 13. Nxc6 Bxc6 14. Bd3 b4
15. Ne2 Bb5 16. Kb1 Rc8 17. Nd4 Bxd3 18. cxd3 Nd6 19. Rc1 Qb8 20. Bf4 Rxc1+ 21.
Rxc1 Rc8 22. Qd1 Qb7 23. Rxc8+ Qxc8 24. h4 Nb7 25. Be3 Qc7 26. Qa4 Qd6 27. Qc2
Nc5 28. Qc4 a5 29. Kc2 h6 30. Nb3 Nxb3 31. Kxb3 Kh7 32. f4 Bd8 33. Qb5 Qc7 34.
a4 bxa3 35. bxa3 Qd6 36. e5 Qc7 37. d4 hxg5 38. hxg5 Qa7 39. Qd3+ Kg8 40. Qb5
Qc7 41. Bd2 Qa7 42. Kc4 Qc7+ 43. Qc5 Qb7 44. Bxa5 d5+ 45. exd6 Qa6+ 46. Qb5
Qxa5 47. Qxa5 Bxa5 48. Kb5 Bd8 49. a4 Kf8 50. a5 Bxa5 51. Kxa5 Ke8 52. Kb6 Kd7
53. Kc5 f6 54. g6 Kd8 55. Kc6 Kc8 56. d7+ Kd8 57. Kd6 e5 58. fxe5 fxe5 59. Kxe5
Kxd7 60. d5 Ke7 61. d6+ Kd7 62. Kd5 Kd8 63. Ke6 Ke8 64. d7+ Kd8 65. Kf7 1-0

[Event "2.BLN 1617 Rotation Pankow - SK Norders"]
[Site "?"]
[Date "2016.12.04"]
[Round "3.2"]
[White "Dauth, Benjamin"]
[Black "Ostrovskiy, Andrey"]
[Result "0-1"]
[WhiteElo "2330"]
[BlackElo "2441"]
[PlyCount "130"]
[EventDate "2016.??.??"]

1. e4 e5 2. Bc4 Nf6 3. d4 exd4 4. Nf3 Nc6 5. O-O Nxe4 6. Re1 d5 7. Bxd5 Qxd5 8.
Nc3 Qh5 9. Nxe4 Be6 10. Bg5 Bd6 11. c4 h6 12. Bf6 Bxh2+ 13. Nxh2 Qxd1 14. Raxd1
gxf6 15. Nxf6+ Kf8 16. b3 Rd8 17. Nf3 Kg7 18. Nh5+ Kh7 19. Rd2 Bf5 20. Nh4 Bg6
21. Nf6+ Kg7 22. Nd5 Rd7 23. f4 f6 24. Re6 Nd8 25. Re7+ Rxe7 26. Nxe7 Bb1 27.
Rxd4 Kf7 28. Nef5 Bxf5 29. Nxf5 Nc6 30. Rd2 h5 31. g3 Re8 32. Kg2 Re1 33. Kf3
Rf1+ 34. Ke4 Re1+ 35. Ne3 Ke6 36. Kf3 Ne7 37. Nc2 Rg1 38. Nd4+ Kf7 39. Kf2 Rh1
40. Kg2 Rc1 41. Nb5 Nf5 42. Kh2 c6 43. Nxa7 Ne3 44. Re2 Rc3 45. Nc8 Nf5 46. Rg2
Ke6 47. Nb6 Nd4 48. Rf2 Kf5 49. Na4 Re3 50. Nc5 Kg4 51. Nxb7 Nf3+ 52. Kg2 Ne1+
53. Kf1 Nd3 54. Re2 Rf3+ 55. Kg2 Rxg3+ 56. Kh2 Rh3+ 57. Kg1 Nxf4 58. Rc2 h4 59.
Nc5 Re3 60. Kh2 f5 61. a4 Ne2 62. a5 f4 63. a6 Ng3 64. a7 Re1 65. Kg2 h3+ 0-1

[Event "2.BLN 1617 Rotation Pankow - SK Norders"]
[Site "?"]
[Date "2016.12.04"]
[Round "3.3"]
[White "Kopylov, Michael"]
[Black "Bruchmann, Stephan"]
[Result "1-0"]
[WhiteElo "2421"]
[BlackElo "2283"]
[PlyCount "77"]
[EventDate "2016.??.??"]

1. e4 c6 2. d4 d5 3. exd5 cxd5 4. c4 Nf6 5. Nc3 g6 6. Qb3 Bg7 7. cxd5 O-O 8.
Nge2 Na6 9. g3 Qb6 10. Bg2 Qxb3 11. axb3 Nb4 12. O-O Nc2 13. Ra4 Bd7 14. Rc4 b5
15. Rc7 Rfc8 16. Rb7 Rcb8 17. Rxb8+ Rxb8 18. Bf4 Rc8 19. Rc1 Nb4 20. Ra1 a6 21.
Bd2 Rb8 22. h4 h6 23. Nf4 Rb6 24. Nce2 Nc2 25. Rc1 Bf5 26. Bh3 Be4 27. f3 Bxf3
28. Rxc2 g5 29. Rc3 Be4 30. Nd3 Nxd5 31. Rc8+ Kh7 32. Nc5 Bg6 33. Bg2 Nf6 34.
hxg5 hxg5 35. Bxg5 Ng8 36. Be3 Nf6 37. Bf3 Rd6 38. Bf4 Rb6 39. Bc7 1-0

[Event "2.BLN 1617 Rotation Pankow - SK Norders"]
[Site "?"]
[Date "2016.12.04"]
[Round "3.4"]
[White "Neumeier, Lars"]
[Black "Krause, Benedict"]
[Result "1/2-1/2"]
[WhiteElo "2356"]
[BlackElo "2410"]
[PlyCount "148"]
[EventDate "2016.??.??"]

1. d4 Nf6 2. Nf3 g6 3. c4 Bg7 4. Nc3 d5 5. cxd5 Nxd5 6. e4 Nxc3 7. bxc3 c5 8.
Be3 Bg4 9. Bb5+ Nc6 10. O-O cxd4 11. cxd4 O-O 12. Bxc6 bxc6 13. Rc1 Qa5 14.
Rxc6 Qxa2 15. Rc7 a5 16. h3 Bxf3 17. Qxf3 e6 18. e5 Rac8 19. Rfc1 Rxc7 20. Rxc7
a4 21. Ra7 a3 22. Qb7 Qa1+ 23. Kh2 Qb2 24. Qa6 h6 25. Qxa3 Qxa3 26. Rxa3 g5 27.
h4 f6 28. hxg5 hxg5 29. exf6 Bxf6 30. Ra5 Kf7 31. Kg3 Kg6 32. Kg4 Rd8 33. g3
Rd6 34. Rb5 Rd7 35. Rb6 Kf7 36. Rb5 Kg6 37. Rb6 Kf7 38. Kh5 Bxd4 39. Bxd4 Rxd4
40. Kxg5 Rd5+ 41. Kg4 Rd4+ 42. Kg5 Rd5+ 43. Kf4 Rf5+ 44. Ke3 Re5+ 45. Kd3 Kf6
46. Rb4 Ra5 47. Ke3 Kf5 48. Rf4+ Ke5 49. Kf3 Ra8 50. Rf7 Ra4 51. g4 Ra3+ 52.
Kg2 Kd6 53. g5 e5 54. Rf3 Ra4 55. g6 Ke7 56. g7 Ra8 57. Rg3 Kf7 58. Kh3 Kg8 59.
Kh4 Ra2 60. f3 Rh2+ 61. Kg5 Kxg7 62. Kf5+ Kf7 63. Kxe5 Rh5+ 64. Ke4 Ra5 65. f4
Kf6 66. Rb3 Kf7 67. Rb6 Ke7 68. Kf3 Kf7 69. Kg4 Rc5 70. f5 Rc1 71. Rb7+ Kf6 72.
Rb6+ Kf7 73. Rb4 Kf6 74. Rb6+ Kf7 1/2-1/2

[Event "2.BLN 1617 Rotation Pankow - SK Norders"]
[Site "?"]
[Date "2016.12.04"]
[Round "3.5"]
[White "Polischuk, Viktor"]
[Black "Seils, Joerg"]
[Result "1/2-1/2"]
[WhiteElo "2294"]
[BlackElo "2318"]
[PlyCount "45"]
[EventDate "2016.??.??"]

1. e4 Nf6 2. e5 Nd5 3. d4 d6 4. c4 Nb6 5. exd6 exd6 6. Nc3 Be7 7. Bd3 Nc6 8.
Be3 O-O 9. b3 Bf6 10. Nge2 Bg4 11. Qd2 d5 12. c5 Nc8 13. O-O N8e7 14. h3 Bf5
15. g4 Bxd3 16. Qxd3 g6 17. Bh6 Bg7 18. Bxg7 Kxg7 19. Rae1 Qd7 20. f4 f5 21. g5
Rae8 22. Qf3 Rh8 23. a3 {(=)} 1/2-1/2

[Event "2.BLN 1617 Rotation Pankow - SK Norders"]
[Site "?"]
[Date "2016.12.04"]
[Round "3.6"]
[White "Steinhagen, Bernd"]
[Black "Michna, Christian"]
[Result "1/2-1/2"]
[WhiteElo "2267"]
[BlackElo "2270"]
[PlyCount "155"]
[EventDate "2016.??.??"]

1. c4 g6 2. Nc3 Bg7 3. g3 d6 4. Bg2 e5 5. d3 Nc6 6. Rb1 a5 7. a3 Nf6 8. b4 axb4
9. axb4 O-O 10. e3 Ne7 11. Bb2 d5 12. Nf3 dxc4 13. Nxe5 cxd3 14. Qxd3 Qxd3 15.
Nxd3 Rd8 16. Nc5 c6 17. O-O Re8 18. Rfd1 Ned5 19. b5 Nxc3 20. Bxc3 Nd5 21. Bxg7
Kxg7 22. Bxd5 cxd5 23. Rxd5 Bf5 24. Re1 b6 25. Nd7 Be6 26. Rd4 Bxd7 27. Rxd7
Re5 28. Rb1 Ra5 29. Rd6 Rexb5 30. Rxb6 Rxb1+ 31. Rxb1 Ra2 32. Kg2 Rc2 33. g4 g5
34. Kg3 Kg6 35. Rb5 Rc3 36. h4 h6 37. Rb6+ Kg7 38. h5 Ra3 39. Kf3 Ra4 40. Rd6
Rb4 41. Rd4 Rb2 42. Rd5 Ra2 43. Rf5 Ra4 44. Re5 Rb4 45. Kg3 Rb3 46. f3 Ra3 47.
Re7 Kf6 48. Re8 Kg7 49. e4 Ra2 50. Rd8 Re2 51. Rd5 Kh7 52. Rd1 Kg7 53. Rg1 Ra2
54. Rg2 Ra3 55. Re2 Kf6 56. Rb2 Ra5 57. Rb6+ Kg7 58. Rb8 Ra2 59. Rb1 Re2 60.
Rg1 Ra2 61. Rg2 Ra3 62. Re2 Kf6 63. e5+ Ke6 64. Rb2 Ra6 65. Rb5 Rc6 66. Kf2 Ra6
67. Rb7 Ra2+ 68. Kg3 Ra6 69. Kf2 Ra2+ 70. Kf1 Ra1+ 71. Ke2 Ra2+ 72. Ke3 Ra3+
73. Kf2 Ra2+ 74. Kg3 Ra6 75. Rc7 Rb6 76. Rc5 Ra6 77. Rb5 Rc6 78. f4 {(=)}
1/2-1/2

[Event "2.BLN 1617 Rotation Pankow - SK Norders"]
[Site "?"]
[Date "2016.12.04"]
[Round "3.7"]
[White "Kahlert, Thomas"]
[Black "Mueller, Michael"]
[Result "1-0"]
[WhiteElo "2231"]
[BlackElo "2256"]
[PlyCount "99"]
[EventDate "2016.??.??"]

1. Nf3 d5 2. d4 Nf6 3. c4 e6 4. Nc3 Nbd7 5. e3 c6 6. Bd3 Bd6 7. O-O O-O 8. e4
dxc4 9. Bxc4 e5 10. Bg5 Qc7 11. Rc1 exd4 12. Qxd4 Bf4 13. Nb5 Qb8 14. Bxf4 Qxf4
15. e5 Qxd4 16. Nbxd4 Ng4 17. Rfe1 Nb6 18. Bb3 Nh6 19. e6 fxe6 20. Ng5 Kh8 21.
h3 Nf5 22. Ndxe6 Bxe6 23. Nxe6 Rfe8 24. Rcd1 Re7 25. Nc5 Rxe1+ 26. Rxe1 Nd6 27.
Re7 Rb8 28. g4 Re8 29. Rxe8+ Nxe8 30. Nxb7 g5 31. Nd8 c5 32. Nf7+ Kg7 33. Nxg5
c4 34. Bc2 Nf6 35. Kg2 h6 36. Ne6+ Kf7 37. Nd4 Nfd5 38. a3 Kf6 39. Kg3 Ne7 40.
f4 Nbd5 41. Kf3 c3 42. bxc3 Nxc3 43. Nf5 Nxf5 44. Bxf5 Nb5 45. Bd3 Nc3 46. h4
Na4 47. g5+ hxg5 48. hxg5+ Kg7 49. f5 Nb6 50. Ke4 1-0

[Event "2.BLN 1617 Rotation Pankow - SK Norders"]
[Site "?"]
[Date "2016.12.04"]
[Round "3.8"]
[White "Guth, Thomas"]
[Black "Bohnsack, Ralf"]
[Result "1-0"]
[WhiteElo "2304"]
[BlackElo "2159"]
[PlyCount "101"]
[EventDate "2016.??.??"]

1. e4 c5 2. Nf3 Nc6 3. d4 cxd4 4. Nxd4 Nf6 5. Nc3 e5 6. Ndb5 d6 7. Bg5 a6 8.
Na3 b5 9. Nd5 Qa5+ 10. Bd2 Qd8 11. Bg5 Qa5+ 12. Bd2 Qd8 13. Be3 Rb8 14. f3 Nxd5
15. Qxd5 Bb7 16. Qd2 Be7 17. c3 O-O 18. Bd3 h6 19. Nc2 Bg5 20. Bxg5 Qxg5 21.
Qxg5 hxg5 22. h4 gxh4 23. Rxh4 g6 24. a4 Bc8 25. axb5 axb5 26. b4 Be6 27. Ra6
Rfc8 28. Kd2 Kg7 29. Ne3 Bc4 30. Rh1 Be6 31. Rha1 Kf8 32. g4 Kg7 33. g5 Kf8 34.
Rf1 Kg7 35. Nd5 Bxd5 36. exd5 Ne7 37. Be4 Rh8 38. Rxd6 Rh2+ 39. Ke3 Rc8 40. Rc1
Rc4 41. Rf6 Rc8 42. Rb6 Ra8 43. Rxb5 Raa2 44. Kd3 Nc8 45. Kc4 Nd6+ 46. Kc5 Nxb5
47. Kxb5 Rhg2 48. d6 Rgd2 49. Kc6 f5 50. Bd5 Ra7 51. Re1 1-0

[Event "2.BLN 1617 SK Zehlendorf - Glückauf R�"]
[Site "?"]
[Date "2016.12.04"]
[Round "3.1"]
[White "Moranda, Wojciech"]
[Black "Meister, Jakob"]
[Result "1-0"]
[WhiteElo "2589"]
[BlackElo "2443"]
[PlyCount "51"]
[EventDate "2016.??.??"]

1. d4 e6 2. c4 Bb4+ 3. Nd2 d5 4. Qa4+ Nc6 5. e3 Bd7 6. Qc2 dxc4 7. a3 Bd6 8.
Nxc4 Qe7 9. Nf3 Nf6 10. b4 a6 11. Bb2 b5 12. Nce5 Nd8 13. e4 c6 14. Bd3 Nh5 15.
g3 h6 16. O-O Nf6 17. Nh4 Bxe5 18. dxe5 Nh7 19. f4 g5 20. Nf5 exf5 21. e6 Nxe6
22. exf5 O-O-O 23. fxe6 fxe6 24. Be4 c5 25. Rac1 c4 26. Qf2 1-0

[Event "2.BLN 1617 SK Zehlendorf - Glückauf R�"]
[Site "?"]
[Date "2016.12.04"]
[Round "3.2"]
[White "Malek, Daniel"]
[Black "Kanarek, Marcel"]
[Result "1/2-1/2"]
[WhiteElo "2417"]
[BlackElo "2526"]
[PlyCount "118"]
[EventDate "2016.??.??"]

1. d4 Nf6 2. Bg5 e6 3. e4 c5 4. d5 h6 5. Bxf6 Qxf6 6. Nc3 d6 7. Nf3 a6 8. e5
dxe5 9. Qe2 Nd7 10. O-O-O Be7 11. g3 b5 12. Bh3 Bb7 13. Rhe1 O-O-O 14. Ne4 Qg6
15. dxe6 fxe6 16. Rxd7 Rxd7 17. Nxe5 Qxe4 18. Qxe4 Bxe4 19. Bxe6 Kc7 20. Bxd7
Bd5 21. Ng6 Bg5+ 22. f4 Rd8 23. fxg5 Rxd7 24. gxh6 gxh6 25. Re7 Rxe7 26. Nxe7
Be6 27. Ng6 Kd6 28. Nf4 Bf7 29. a3 Ke5 30. Kd2 Ke4 31. Nd3 Kd5 32. Ke3 a5 33.
g4 Bg8 34. h4 Bh7 35. g5 hxg5 36. hxg5 Kd6 37. c3 b4 38. cxb4 cxb4 39. axb4
axb4 40. Kd4 b3 41. Nc5 Bc2 42. Kc4 Ke5 43. Nxb3 Kf4 44. Nd4 Be4 45. Ne6+ Kf5
46. Kd4 Bh1 47. Nf4 Kxg5 48. Ke5 Bc6 49. b4 Bb5 50. Nd5 Ba6 51. Kd6 Kh6 52. Kc5
Kg7 53. Nc7 Bf1 54. Nb5 Kf8 55. Nd6 Ke7 56. Nc4 Kd8 57. b5 Bxc4 58. Kxc4 Kc7
59. b6+ Kxb6 1/2-1/2

[Event "2.BLN 1617 SK Zehlendorf - Glückauf R�"]
[Site "?"]
[Date "2016.12.04"]
[Round "3.3"]
[White "Steczek, Marcin"]
[Black "Lagunow, Raphael"]
[Result "1/2-1/2"]
[WhiteElo "2382"]
[BlackElo "2267"]
[PlyCount "153"]
[EventDate "2016.??.??"]

1. Nf3 c5 2. b3 d6 3. Bb2 Nd7 4. g3 Ngf6 5. Bg2 g6 6. O-O Bg7 7. c4 O-O 8. Nc3
Rb8 9. d4 a6 10. Rc1 b6 11. Qd2 Bb7 12. Rfd1 Qc7 13. Nd5 Qd8 14. Ng5 h6 15. Nh3
Nxd5 16. Bxd5 Bxd5 17. cxd5 Nf6 18. dxc5 bxc5 19. Rc4 Re8 20. Nf4 Qd7 21. Ra4
g5 22. Bxf6 exf6 23. Ng2 f5 24. Qd3 Re5 25. f4 Re7 26. Rf1 Rbe8 27. e3 Re4 28.
Rxe4 fxe4 29. Qxa6 gxf4 30. Nxf4 Be5 31. Ng2 Qg4 32. Qb7 f6 33. a4 Qc8 34. Qb5
Qb8 35. Qc4 Qb4 36. Qxb4 cxb4 37. Rc1 Bc3 38. Kf2 Rc8 39. g4 Rc5 40. Nf4 Kf7
41. h4 Ke7 42. Ke2 Kd7 43. h5 Ra5 44. Rc2 Ke7 45. Ng6+ Kd7 46. Nh4 Rxd5 47. Nf5
Kc7 48. Nxh6 Rg5 49. Kf2 f5 50. Nxf5 Rxg4 51. Nd4 Rh4 52. Kg3 Rxh5 53. Kf4 Kb6
54. Kxe4 d5+ 55. Kd3 Rh1 56. Nb5 Be5 57. Rg2 Rb1 58. Rg5 Rxb3+ 59. Ke2 Rb2+ 60.
Kd1 Bc3 61. Rxd5 Ra2 62. Nxc3 bxc3 63. Rd3 Rxa4 64. Rxc3 Ra2 65. Ke1 Rh2 66.
Rc8 Kb7 67. Rc4 Kb6 68. Kf1 Kb5 69. Rc8 Kb6 70. e4 Kb7 71. Rc3 Kb6 72. e5 Rh5
73. Re3 Kc7 74. Kf2 Kd7 75. Kg3 Ke6 76. Kg4 Rxe5 77. Rxe5+ 1/2-1/2

[Event "2.BLN 1617 SK Zehlendorf - Glückauf R�"]
[Site "?"]
[Date "2016.12.04"]
[Round "3.4"]
[White "Lagunow, Alexander"]
[Black "Dudzinski, Piotr"]
[Result "1/2-1/2"]
[WhiteElo "2431"]
[BlackElo "2361"]
[PlyCount "72"]
[EventDate "2016.??.??"]

1. Nf3 d5 2. g3 Nf6 3. Bg2 g6 4. O-O Bg7 5. c4 O-O 6. cxd5 Nxd5 7. d4 c6 8. e4
Nb6 9. h3 N8d7 10. Nc3 e5 11. Bg5 Qe8 12. d5 cxd5 13. Nb5 f6 14. Nc7 Qf7 15.
Nxa8 Nxa8 16. Be3 dxe4 17. Nd2 f5 18. Qb3 Nab6 19. Qxf7+ Kxf7 20. Rfc1 Nd5 21.
Bxa7 Bh6 22. Rd1 N7f6 23. Nc4 Ke6 24. Bc5 Rg8 25. Bf1 Bd7 26. Nb6 Nxb6 27. Bxb6
Rc8 28. b3 Nd5 29. Bc4 Rxc4 30. bxc4 Nxb6 31. Rab1 Nxc4 32. Rxb7 e3 33. Rdxd7
e2 34. Re7+ Kd6 35. Red7+ Ke6 36. Re7+ Kd6 1/2-1/2

[Event "2.BLN 1617 SK Zehlendorf - Glückauf R�"]
[Site "?"]
[Date "2016.12.04"]
[Round "3.5"]
[White "Wlodarczyk, Oskar"]
[Black "Brodowski, Piotr"]
[Result "1/2-1/2"]
[WhiteElo "2281"]
[BlackElo "2444"]
[PlyCount "44"]
[EventDate "2016.??.??"]

1. e4 c5 2. c3 d5 3. exd5 Qxd5 4. d4 Nf6 5. Nf3 e6 6. Be2 Nc6 7. O-O cxd4 8.
cxd4 Be7 9. Nc3 Qa5 10. a3 O-O 11. Qb3 Rd8 12. Rd1 Nd5 13. Ne4 h6 14. Ne5 Qb6
15. Qxb6 axb6 16. Bb5 Na7 17. Bc4 Bd7 18. Bxd5 exd5 19. Nxd7 Rxd7 20. Nc3 Nc6
21. b3 Na5 22. Nb1 Rc8 1/2-1/2

[Event "2.BLN 1617 SK Zehlendorf - Glückauf R�"]
[Site "?"]
[Date "2016.12.04"]
[Round "3.6"]
[White "Luch, Michal"]
[Black "Sroczynski, Maciej"]
[Result "0-1"]
[WhiteElo "2433"]
[BlackElo "2280"]
[PlyCount "52"]
[EventDate "2016.??.??"]

1. d4 Nf6 2. c4 e5 3. dxe5 Ng4 4. Bf4 Nc6 5. Nf3 Bb4+ 6. Nc3 Qe7 7. Qd5 f6 8.
exf6 Bxc3+ 9. bxc3 Nxf6 10. Qd3 d6 11. g3 O-O 12. Bg2 Re8 13. O-O Qxe2 14. Qxe2
Rxe2 15. Nd4 Nxd4 16. cxd4 Be6 17. Bxb7 Rb8 18. Rab1 Rxa2 19. Rfe1 Bxc4 20. Re7
Rxb7 21. Rxb7 Ra1+ 22. Kg2 Bd5+ 23. Kh3 Bxb7 24. Rxc7 Bf3 25. Bxd6 Ra6 26. Bc5
Ne8 0-1

[Event "2.BLN 1617 SK Zehlendorf - Glückauf R�"]
[Site "?"]
[Date "2016.12.04"]
[Round "3.7"]
[White "Szyszylo, Rafal"]
[Black "Stachowiak, Kamil"]
[Result "0-1"]
[WhiteElo "2234"]
[BlackElo "2410"]
[PlyCount "92"]
[EventDate "2016.??.??"]

1. e4 c5 2. Nf3 e6 3. d4 cxd4 4. Nxd4 Nc6 5. Nc3 Qc7 6. Be3 a6 7. Qf3 Bd6 8.
O-O-O Be5 9. g3 Nge7 10. Qe2 O-O 11. f4 Bxd4 12. Bxd4 Nxd4 13. Rxd4 Nc6 14. Rd3
b5 15. Bg2 b4 16. Na4 e5 17. Qd2 Rb8 18. b3 f6 19. Nb2 a5 20. Nc4 a4 21. Kb1
Qa7 22. Rf1 axb3 23. cxb3 d5 24. Rxd5 Be6 25. Rc1 Ra8 26. Rd3 Nd4 27. Qb2 Nb5
28. Ne3 Nc3+ 29. Rcxc3 bxc3 30. Rxc3 Rfc8 31. Rd3 Rd8 32. Rc3 Rd4 33. a4 Rb8
34. Bf1 exf4 35. gxf4 Rxe4 36. Nc2 Qg1 37. Qc1 Qxh2 38. Bb5 Qxf4 39. Qd1 Qe5
40. Rd3 Qc7 41. Nd4 Bd7 42. Ka2 Bxb5 43. Nxb5 Qe7 44. Nc3 Re1 45. Qd2 h5 46.
Nd5 Qd6 0-1

[Event "2.BLN 1617 SK Zehlendorf - Glückauf R�"]
[Site "?"]
[Date "2016.12.04"]
[Round "3.8"]
[White "Heinig, Wolfram"]
[Black "Dudzinski, Pawel"]
[Result "1/2-1/2"]
[WhiteElo "2301"]
[BlackElo "2246"]
[PlyCount "122"]
[EventDate "2016.??.??"]

1. d4 f5 2. Nf3 Nf6 3. g3 g6 4. Bg2 Bg7 5. c4 O-O 6. Nc3 d6 7. O-O Qe8 8. d5 a5
9. Re1 Na6 10. e4 fxe4 11. Ng5 Bg4 12. Qd2 Nc5 13. Ncxe4 Ncxe4 14. Nxe4 Nxe4
15. Bxe4 Qf7 16. Rb1 b6 17. Qc2 Rae8 18. Be3 Bf5 19. Bxf5 Qxf5 20. Qxf5 Rxf5
21. Re2 Re5 22. Rbe1 e6 23. Bf4 Rxe2 24. Rxe2 Kf7 25. b3 Bd4 26. dxe6+ Rxe6 27.
Kf1 c6 28. f3 Bc5 29. a4 Rxe2 30. Kxe2 Ke6 31. Kd3 Kf5 32. Bd2 d5 33. g4+ Ke6
34. h3 h5 35. Bc3 Kf7 36. Be5 Ke6 37. Bc7 Kd7 38. Be5 Ke6 39. Bc3 Kf7 40. Be1
Ke6 41. Bg3 Ke7 42. cxd5 cxd5 43. Be5 Kd7 44. f4 hxg4 45. hxg4 Kc6 46. Ke2 b5
47. Kd3 bxa4 48. bxa4 Kd7 49. Bc3 Bb6 50. Bd4 Bc7 51. Be3 Ke6 52. Bd2 Bb6 53.
Be3 Bc7 54. Ke2 Bd8 55. Bc5 Bc7 56. Ke3 Bd8 57. Bd4 Bc7 58. Ba7 Bd8 59. Bd4 Bc7
60. f5+ gxf5 61. gxf5+ Kxf5 1/2-1/2

[Event "2.BLN 1617 Hamburger SK - SF Berlin"]
[Site "?"]
[Date "2016.11.19"]
[Round "4.1"]
[White "Agopov, Mikael"]
[Black "Bracker, Frank"]
[Result "1/2-1/2"]
[WhiteElo "2431"]
[BlackElo "2426"]
[PlyCount "138"]
[EventDate "2016.??.??"]

1. e4 e5 2. Nf3 Nc6 3. Bb5 a6 4. Ba4 Nf6 5. O-O Be7 6. d3 d6 7. a3 O-O 8. Nc3
Bg4 9. Be3 Nd4 10. Bxd4 exd4 11. Ne2 Bxf3 12. gxf3 Nh5 13. Kh1 g6 14. f4 d5 15.
f5 Bf6 16. Bb3 dxe4 17. fxg6 hxg6 18. dxe4 d3 19. cxd3 Bxb2 20. Ra2 Bg7 21. f4
Qh4 22. Rf3 Rad8 23. Qf1 Rd6 24. e5 Rb6 25. Bc4 Qg4 26. Nc3 Rc6 27. Nd5 Kh7 28.
d4 Rxc4 29. Ne3 Qxf3+ 30. Qxf3 Rxd4 31. f5 Rf4 32. Qxb7 Bxe5 33. fxg6+ fxg6 34.
Qxa6 Bd4 35. Rg2 R8f6 36. Qd3 c5 37. Rg5 Bxe3 38. Qxe3 c4 39. Rc5 Rf7 40. Rg5
Rf1+ 41. Rg1 R1f5 42. Qe6 R5f6 43. Qxc4 Ra7 44. Re1 Rf3 45. a4 Ra3 46. Re4
R3xa4 47. Qxa4 Rxa4 48. Rxa4 g5 49. Kg2 Kg6 50. Kf3 Nf6 51. Ke3 Kh5 52. Kd4 Ng4
53. Ra8 Kg6 54. h3 Nf6 55. Ke5 Nd7+ 56. Kd6 Nf6 57. Ke6 g4 58. h4 g3 59. Ra2
Kh5 60. Kxf6 Kxh4 61. Kf5 Kh3 62. Ra3 Kh2 63. Kg4 g2 64. Rh3+ Kg1 65. Rg3 Kh2
66. Rh3+ Kg1 67. Rb3 Kh1 68. Rb1+ g1=Q+ 69. Rxg1+ Kxg1 1/2-1/2

[Event "2.BLN 1617 Hamburger SK - SF Berlin"]
[Site "?"]
[Date "2016.11.19"]
[Round "4.2"]
[White "Colpe, Malte"]
[Black "Polzin, Rainer"]
[Result "1/2-1/2"]
[WhiteElo "2397"]
[BlackElo "2413"]
[PlyCount "144"]
[EventDate "2016.??.??"]

1. d4 Nf6 2. c4 g6 3. Nc3 Bg7 4. e4 d6 5. f4 O-O 6. Nf3 Na6 7. Bd3 Bg4 8. Be3
Nd7 9. Be2 c5 10. d5 Bxc3+ 11. bxc3 Qa5 12. Qc2 Nf6 13. h3 Bd7 14. Nd2 e6 15.
dxe6 fxe6 16. g4 d5 17. e5 Ne4 18. Nxe4 dxe4 19. O-O Ba4 20. Qb2 Qc7 21. Rf2
Rf7 22. Bf1 Rd8 23. Qa3 Bd1 24. Bg2 Rd3 25. Rd2 Rxd2 26. Bxd2 Bf3 27. Bxf3 exf3
28. Qa4 Qd8 29. Be1 Rxf4 30. Rd1 Qc8 31. Bh4 Qc6 32. Qxc6 bxc6 33. Rd8+ Rf8 34.
Rd7 Rf7 35. Rd8+ Rf8 36. Rd7 Rf7 37. Rd6 Nb8 38. Rxe6 Nd7 39. Re8+ Rf8 40. Re7
Rf7 41. Re6 Nb6 42. Rxc6 Nxc4 43. e6 Rf8 44. Rxc5 Nd2 45. e7 Re8 46. Rc7 g5 47.
Bf2 a6 48. Bb6 Ne4 49. Ra7 Nxc3 50. Kf2 Kf7 51. Bd8 Nxa2 52. Rxa6 Nc3 53. Ra5
Ke6 54. Kxf3 Nd5 55. Ke4 Nxe7 56. Bxe7 Rxe7 57. Re5+ Kf6 58. Rxe7 Kxe7 59. Kf5
Kf7 60. Kxg5 Kg7 61. Kf5 Kf7 62. h4 Kg7 63. Kg5 Kf7 64. Kf5 Kg7 65. Ke5 Kf7 66.
Kd5 Ke7 67. g5 Kf7 68. h5 Ke7 69. Kc6 Ke6 70. Kc5 Kf5 71. g6 hxg6 72. hxg6 Kxg6
1/2-1/2

[Event "2.BLN 1617 Hamburger SK - SF Berlin"]
[Site "?"]
[Date "2016.11.19"]
[Round "4.3"]
[White "Ahmadinia, Ebrahim"]
[Black "Sievers, Stefan"]
[Result "1-0"]
[WhiteElo "2383"]
[BlackElo "2372"]
[PlyCount "81"]
[EventDate "2016.??.??"]

1. e4 c5 2. Nf3 d6 3. Bb5+ Bd7 4. Bxd7+ Qxd7 5. c4 Nf6 6. Nc3 g6 7. d4 cxd4 8.
Nxd4 Bg7 9. b3 Nc6 10. Bb2 Nxd4 11. Qxd4 O-O 12. O-O a6 13. Rad1 Rfd8 14. Rfe1
Rab8 15. a4 e6 16. Qe3 Qc6 17. Ba3 Ng4 18. Qg3 Qb6 19. Ne2 Ne5 20. Kh1 h5 21.
Rf1 Rbc8 22. Bc1 Qc6 23. f3 Kh7 24. h3 Kg8 25. Ba3 Bf8 26. Nd4 Qb6 27. f4 Nc6
28. Nxe6 fxe6 29. Qxg6+ Bg7 30. Qxe6+ Kh8 31. Rd5 Ne5 32. fxe5 Rf8 33. Rf5 Rxf5
34. exf5 Rg8 35. f6 Qf2 36. fxg7+ Kh7 37. Rd1 Rxg7 38. Qd5 dxe5 39. Qe4+ Rg6
40. Rd7+ Kh8 41. Qxg6 1-0

[Event "2.BLN 1617 Hamburger SK - SF Berlin"]
[Site "?"]
[Date "2016.11.19"]
[Round "4.4"]
[White "Baciu, Diana"]
[Black "Strzemiecki, Zbigniew"]
[Result "1/2-1/2"]
[WhiteElo "2293"]
[BlackElo "2363"]
[PlyCount "80"]
[EventDate "2016.??.??"]

1. e4 e6 2. d4 d5 3. Nd2 Nc6 4. Ngf3 Nf6 5. e5 Nd7 6. Nb3 Be7 7. c3 f6 8. exf6
Bxf6 9. Ng5 Bxg5 10. Qh5+ g6 11. Qxg5 Qxg5 12. Bxg5 O-O 13. Bb5 Nd8 14. f3 c6
15. Bd3 e5 16. O-O-O Ne6 17. Bh6 Rf6 18. h4 exd4 19. cxd4 Ndf8 20. Rde1 Bd7 21.
Re5 Re8 22. Rhe1 b6 23. f4 Rc8 24. g3 a5 25. h5 a4 26. Nd2 Nxd4 27. Re7 Rf7 28.
R7e5 Bf5 29. Bxf5 Nxf5 30. Bxf8 Rcxf8 31. hxg6 hxg6 32. Nf3 Rf6 33. Rg1 Nd6 34.
Nd4 Ne4 35. Re7 R8f7 36. Re8+ Rf8 37. Re7 R6f7 38. Re6 Rf6 39. Re7 R6f7 40. Re6
Rf6 1/2-1/2

[Event "2.BLN 1617 Hamburger SK - SF Berlin"]
[Site "?"]
[Date "2016.11.19"]
[Round "4.5"]
[White "Nogly, Christoph"]
[Black "Meissner, Felix"]
[Result "1/2-1/2"]
[WhiteElo "2241"]
[BlackElo "2247"]
[PlyCount "55"]
[EventDate "2016.??.??"]

1. d4 Nf6 2. c4 g6 3. Nc3 Bg7 4. e4 d6 5. Bd3 O-O 6. Nge2 Na6 7. h3 Nd7 8. O-O
c5 9. Be3 cxd4 10. Nxd4 Nac5 11. Be2 Nf6 12. Bf3 a6 13. Rc1 Bd7 14. b4 Ne6 15.
Nxe6 Bxe6 16. Nd5 Bxd5 17. exd5 a5 18. a3 axb4 19. axb4 b6 20. c5 bxc5 21. bxc5
dxc5 22. Bxc5 Rc8 23. Re1 Re8 24. Rxe7 Rxe7 25. Bxe7 Rxc1 26. Bxd8 Rxd1+ 27.
Bxd1 Nxd5 28. Bb3 1/2-1/2

[Event "2.BLN 1617 Hamburger SK - SF Berlin"]
[Site "?"]
[Date "2016.11.19"]
[Round "4.6"]
[White "Gruenter, Martin"]
[Black "Chatzidakis, Mihail"]
[Result "1-0"]
[WhiteElo "2212"]
[BlackElo "2310"]
[PlyCount "111"]
[EventDate "2016.??.??"]

1. e4 d5 2. exd5 Qxd5 3. Nc3 Qd6 4. d4 Nf6 5. Nf3 a6 6. g3 Bg4 7. Bg2 c6 8. O-O
e6 9. h3 Bxf3 10. Qxf3 Be7 11. Bf4 Qxd4 12. Rfd1 Qb6 13. Na4 Qb5 14. b3 Nbd7
15. g4 h6 16. Nb2 Ne5 17. Qg3 Ng6 18. Bc7 O-O 19. h4 Qe2 20. h5 Nh8 21. Bf3
Qxc2 22. Be5 Ne4 23. Bxe4 Qxe4 24. Rd7 Bh4 25. Qxh4 Qxe5 26. Rb1 f5 27. g5 hxg5
28. Qxg5 Rfd8 29. Nc4 Qf6 30. Qxf6 gxf6 31. Rbd1 Rf8 32. Na5 Rf7 33. Rxf7 Kxf7
34. Nxb7 e5 35. h6 Kg6 36. Rd8 Rxd8 37. Nxd8 Kxh6 38. Nxc6 Ng6 39. Nb4 Nf4 40.
Nxa6 Kg5 41. b4 Ne2+ 42. Kg2 Nc3 43. a3 e4 44. Nc5 Kf4 45. a4 Nd5 46. b5 e3 47.
fxe3+ Kxe3 48. a5 f4 49. b6 Ke2 50. Ne4 Nb4 51. Nc3+ Ke3 52. b7 Na6 53. Nd5+
Kd4 54. Nc7 Nb8 55. a6 Ke3 56. Nd5+ 1-0

[Event "2.BLN 1617 Hamburger SK - SF Berlin"]
[Site "?"]
[Date "2016.11.19"]
[Round "4.7"]
[White "Priebe, Jan"]
[Black "Doberitz, Paul"]
[Result "1-0"]
[WhiteElo "2237"]
[BlackElo "2207"]
[PlyCount "63"]
[EventDate "2016.??.??"]

1. e4 c5 2. Nf3 d6 3. c3 Nf6 4. Bd3 Nc6 5. Bc2 Bg4 6. h3 Bh5 7. d3 e6 8. Nbd2
Be7 9. Nf1 d5 10. Qe2 O-O 11. Ng3 Bxf3 12. Qxf3 b5 13. O-O Rb8 14. a3 d4 15.
Ne2 Qd7 16. cxd4 cxd4 17. Bf4 e5 18. Bd2 Rfc8 19. Ng3 Qe6 20. Nf5 Bf8 21. Qd1
Nd7 22. b4 Rc7 23. Bb3 Qf6 24. Qg4 Qg6 25. Qf3 a5 26. Rfc1 Rbc8 27. bxa5 Nc5
28. Bd5 Ra7 29. h4 h5 30. Rab1 Nxa5 31. Rxb5 Nc6 32. Rbxc5 1-0